LEADER 01256nam a2200265 4500 001 000000362073 003 CaOOAMICUS 005 20250318101519.0 008 250310s2005 it 000 u ita r 020 $a88-430-3374-3 040 $aSeMil$bita 100 1 $aRaponi, Nicola,$d<1931-2007>.$0(OLS)http://semarc/name/5043 245 13$aIl mito di Bonaparte in Italia :$batteggiamenti della società milanese e reazioni nello Stato romano /$cNicola Raponi. 264 1$aRoma :$bCarocci,$c2005. 300 $a200 p. ;$c23 cm 490 1 $aStudi storici Carocci ;$v78 650 4$aNapoleone I : Bonaparte - Italia - Fortuna.$0(OLS)http://semarc/subject/57303 830 0$aStudi storici Carocci ;$v78.$0(OLS)http://semarc/title/15169 850 $aSeMil 852 $aSeMil$W1$xVenegono$y1$m3U III 72$j255242$B253011$CSeMilBibl$Z2$F253011 $81 961 $aBuzzi mons. Franco - Omaggio 996 $6020$a88-430-3374-3$9(OLS)http://semarc/number/302715 996 $6245$aIl mito di Bonaparte in Italia :$batteggiamenti della società milanese e reazioni nello Stato romano$9(OLS)http://semarc/title/452925 996 $6264$aRoma :$bCarocci$9(OLS)http://semarc/publisher/31977 LEADER 01414nam a2200325 i 4500 001 000000098549 003 CaOOAMICUS 005 20060705000000.0 008 060705s2006 it u000 u ita u 013 $a70701 020 $a88-87998-43-4 040 $aSeMil$bita 100 1 $aMasullo, Stefano M.$0(OLS)http://semarc/name/43085 245 10$aCapitalismo e religione tra etica e responsabilità sociale /$cStefano M. Masullo, Vincenzo Di Muro. 260 $aNapoli :$bCuzzolin,$cCopyr. 2006. 300 $a228 p. ;$c21 cm. 490 0 $aLo scaffale ;$v18 500 $aContiene : Bibliografia. - Dono del Card. Dionigi Tettamanzi. 650 4$aFinanza etica.$0(OLS)http://semarc/subject/17906 650 4$aCultura cattolica e capitalismo.$0(OLS)http://semarc/subject/17907 650 4$aReligione e capitalismo.$0(OLS)http://semarc/subject/17908 700 1 $aDi Muro, Vincenzo.$0(OLS)http://semarc/name/43086 830 3$aLo scaffale ;$v18.$0(OLS)http://semarc/title/12187 850 $aSeMil 852 $aSeMil$W1$xVenegono$y1$m2E II 399$j56373$B56373$CSeMilBibl$Z2$F66060 $81 941 1 $a5 961 $aOmaggio: Tettamanzi Card. Dionigi 996 $6020$a88-87998-43-4$9(OLS)http://semarc/number/78863 996 $6245$aCapitalismo e religione tra etica e responsabilità sociale$9(OLS)http://semarc/title/146442 996 $6260$aNapoli :$bCuzzolin$9(OLS)http://semarc/publisher/44595